[Event "ESP-ch U14"]
[Site "Salobrena"]
[Date "2023.07.21"]
[Round "7"]
[White "Salinas Tomas, Daniel"]
[Black "Martinez Soriano, Pablo"]
[Result "1-0"]
[WhiteElo "2242"]
[BlackElo "1906"]
[PlyCount "61"]
[EventDate "2023.07.17"]
[EventType "swiss"]
[EventRounds "9"]
[EventCountry "ESP"]
[SourceTitle "EXT 2024"]
[Source "ChessBase"]
[SourceDate "2023.10.10"]
[SourceVersion "1"]
[SourceVersionDate "2023.10.10"]
[SourceQuality "1"]

1. e4 e6 2. Qe2 Be7 3. Nf3 d5 4. d3 Nf6 5. g3 0-0 6. Bg2 b6 7. e5 Nfd7 8. 0-0 Bb7 9. c4 c6 10. Nc3 a6 11. h4 Re8 12. Bf4 b5 13. Rfe1 Nb6 14. Rad1 N8d7 15. b3 Rc8 16. h5 Nf8 17. a4 b4 18. Nb1 Qc7 19. Nbd2 Red8 20. h6 g6 21. Bg5 Bxg5 22. Nxg5 Qe7 23. Qg4 Nfd7 24. d4 Rb8 25. c5 Nc8 26. Re3 Rf8 27. Rde1 Qe8 28. Rf3 Ra8 29. Bf1 a5 30. Rf4 Na7 31. Re3 1-0

[Event "ESP-ch U14 Rapid"]
[Site "Salobrena"]
[Date "2022.07.24"]
[Round "5"]
[White "Martinez Soriano, Pablo"]
[Black "Torres Rebolledo, Marcos"]
[Result "1-0"]
[WhiteElo "1606"]
[BlackElo "1383"]
[PlyCount "49"]
[EventDate "2022.07.23"]
[EventType "swiss (rapid)"]
[EventRounds "9"]
[EventCountry "ESP"]
[SourceTitle "EXT 2023"]
[Source "ChessBase"]
[SourceDate "2022.10.05"]
[SourceVersion "1"]
[SourceVersionDate "2022.10.05"]
[SourceQuality "1"]

1. e4 c5 2. Nf3 d6 3. d4 cxd4 4. Nxd4 Nf6 5. Nc3 g6 6. Be2 Bg7 7. Be3 0-0 8. 0-0 Nc6 9. h3 Bd7 10. Qd2 Rc8 11. Rad1 Ne5 12. f4 Nc4 13. Bxc4 Rxc4 14. e5 dxe5 15. fxe5 Ne8 16. Ndb5 Qa5 17. Qxd7 Bxe5 18. Qd5 Rxc3 19. Nxc3 Bxc3 20. bxc3 Qxc3 21. Bd4 Qxc2 22. Qe5 f6 23. Qxe7 Qxa2 24. Bc5 b6 25. Qxf8# 1-0

[Event "ESP-ch U14"]
[Site "Salobrena"]
[Date "2022.07.18"]
[Round "1"]
[White "Martinez Soriano, Pablo"]
[Black "Latre Rodriguez, Francisco"]
[Result "1-0"]
[WhiteElo "1843"]
[BlackElo "1416"]
[PlyCount "76"]
[EventDate "2022.07.18"]
[EventType "swiss"]
[EventRounds "9"]
[EventCountry "ESP"]
[SourceTitle "EXT 2023"]
[Source "ChessBase"]
[SourceDate "2022.10.05"]
[SourceVersion "1"]
[SourceVersionDate "2022.10.05"]
[SourceQuality "1"]

1. e4 e5 2. Nf3 Nc6 3. Bc4 Be7 4. d4 exd4 5. Nxd4 d6 6. Nc3 Nf6 7. a4 Nxd4 8. Qxd4 0-0 9. 0-0 Be6 10. Bxe6 fxe6 11. e5 Ne8 12. exd6 Nxd6 13. Be3 Bf6 14. Qd3 a6 15. Rad1 Re8 16. Ne4 Nxe4 17. Qxe4 Qc8 18. Rd3 b6 19. Qc6 Rd8 20. Rfd1 Rxd3 21. Rxd3 Be5 22. Rd7 Bd6 23. Bxb6 Bxh2+ 24. Kxh2 cxb6 25. Qxe6+ Kh8 26. Qf7 Qf8 27. Qxf8+ Rxf8 28. Rb7 h6 29. Rxb6 Rxf2 30. Rxa6 Rxc2 31. b4 Rb2 32. b5 Rb4 33. b6 Kh7 34. a5 h5 35. Ra7 h4 36. b7 Rb2 37. a6 h3 38. Kxh3 Rb3+ 1-0

[Event "ESP-ch States U14"]
[Site "Isla"]
[Date "2022.06.23"]
[Round "2"]
[White "Mompel Ferruz, Xavier"]
[Black "Martinez Soriano, Pablo"]
[Result "0-1"]
[WhiteElo "2150"]
[BlackElo "1744"]
[PlyCount "50"]
[EventDate "2022.06.23"]
[EventType "swiss"]
[EventRounds "6"]
[EventCountry "ESP"]
[SourceTitle "EXT 2023"]
[Source "ChessBase"]
[SourceDate "2022.10.05"]
[SourceVersion "1"]
[SourceVersionDate "2022.10.05"]
[SourceQuality "1"]

1. e4 e6 2. d4 d5 3. Nd2 dxe4 4. Nxe4 Qd5 5. Bd3 Nf6 6. Nxf6+ gxf6 7. Nf3 Nc6 8. a3 Bd7 9. Be3 0-0-0 10. c4 Qh5 11. b4 Rg8 12. b5 Nb8 13. Qa4 a6 14. 0-0-0 axb5 15. cxb5 Rxg2 16. Be2 Bh6 17. Qc4 Rxf2 18. Bxh6 Qxh6+ 19. Kb1 Qe3 20. Rc1 c6 21. Rhe1 e5 22. bxc6 Nxc6 23. d5 Bf5+ 24. Kb2 Qxf3 25. Rc3 Qxd5 0-1

[Event "ESP-ch U12"]
[Site "Salobrena"]
[Date "2021.07.07"]
[Round "4"]
[White "Martinez Soriano, Pablo"]
[Black "Bartolome Benito, Alejandro"]
[Result "1-0"]
[WhiteElo "1722"]
[BlackElo "1449"]
[PlyCount "101"]
[EventDate "2021.07.05"]
[EventType "swiss"]
[EventRounds "9"]
[EventCountry "ESP"]
[SourceTitle "EXT 2022"]
[Source "ChessBase"]
[SourceDate "2021.10.06"]
[SourceVersion "1"]
[SourceVersionDate "2021.10.06"]
[SourceQuality "1"]

1. e4 c5 2. b3 g6 3. Bb2 Nf6 4. Qf3 d6 5. Bb5+ Bd7 6. Bxd7+ Nbxd7 7. d3 Bg7 8. Nd2 0-0 9. Qe2 b5 10. Ngf3 Ng4 11. Bxg7 Kxg7 12. 0-0 Nge5 13. Nxe5 Nxe5 14. f4 Nc6 15. Nf3 Qd7 16. c3 Qg4 17. g3 a5 18. Kg2 Qd7 19. d4 b4 20. d5 Na7 21. c4 Nc8 22. e5 Nb6 23. Ng5 Qb7 24. exd6 exd6 25. Qb2+ Kg8 26. Ne4 Nxd5 27. Kg1 Nc3 28. Nxc3 bxc3 29. Qxc3 Rfe8 30. Rfe1 Qd7 31. Qf3 Rxe1+ 32. Rxe1 Re8 33. Rxe8+ Qxe8 34. Kf2 a4 35. Qd5 axb3 36. axb3 Qe6 37. Kf3 Qxd5+ 38. cxd5 Kf8 39. Ke4 Ke7 40. Kd3 Kd7 41. Kc4 Kc7 42. Kb5 Kb7 43. g4 h6 44. g5 h5 45. h4 Ka7 46. Kc6 Ka6 47. Kxd6 Kb5 48. Ke5 Kb4 49. d6 Kxb3 50. d7 c4 51. d8Q 1-0

[Event "ESP-ch U14"]
[Site "Salobrena"]
[Date "2020.08.05"]
[Round "4"]
[White "Martinez Soriano, Pablo"]
[Black "Pinyol I Llora, Julia"]
[Result "1-0"]
[WhiteElo "1679"]
[BlackElo "1530"]
[PlyCount "103"]
[EventDate "2020.08.03"]
[EventType "swiss"]
[EventRounds "9"]
[EventCountry "ESP"]
[SourceTitle "EXT 2021"]
[Source "ChessBase"]
[SourceDate "2020.10.23"]
[SourceVersion "1"]
[SourceVersionDate "2020.10.23"]
[SourceQuality "1"]

1. e4 c5 2. Nf3 e6 3. d4 cxd4 4. Nxd4 a6 5. Bd3 Qc7 6. Nb3 Nf6 7. Be3 Be7 8. Nc3 d6 9. 0-0 0-0 10. f4 Re8 11. g4 g6 12. f5 Nc6 13. g5 Nd7 14. f6 Bf8 15. h4 Nce5 16. Kg2 b6 17. h5 Bb7 18. hxg6 fxg6 19. Qe1 Nc5 20. Qh4 Qf7 21. Bxc5 bxc5 22. Na5 Rab8 23. Nxb7 Rxb7 24. b3 Ra7 25. Nd1 d5 26. exd5 exd5 27. Nf2 Nxd3 28. cxd3 a5 29. Rae1 Ra6 30. Rxe8 Qxe8 31. Ng4 Ra7 32. f7+ Rxf7 33. Nf6+ Rxf6 34. gxf6 Qf7 35. Qf4 d4 36. Qe5 h6 37. Re1 a4 38. bxa4 Qxa2+ 39. Kg1 Qf7 40. a5 Qa2 41. Qe6+ Qxe6 42. Rxe6 c4 43. dxc4 Bc5 44. Rc6 Bb4 45. a6 d3 46. Kf2 d2 47. Ke2 h5 48. a7 h4 49. a8Q+ Kh7 50. Rc8 Kh6 51. Qg2 h3 52. Rh8# 1-0

[Event "ESP-ch U14"]
[Site "Salobrena"]
[Date "2020.08.03"]
[Round "2"]
[White "Martinez Soriano, Pablo"]
[Black "Perez Bolanos, David"]
[Result "0-1"]
[WhiteElo "1679"]
[BlackElo "1956"]
[PlyCount "36"]
[EventDate "2020.08.03"]
[EventType "swiss"]
[EventRounds "9"]
[EventCountry "ESP"]
[SourceTitle "EXT 2021"]
[Source "ChessBase"]
[SourceDate "2020.10.23"]
[SourceVersion "1"]
[SourceVersionDate "2020.10.23"]
[SourceQuality "1"]

1. f4 d5 2. b3 Nf6 3. Bb2 e6 4. Nf3 Be7 5. e3 0-0 6. Bd3 Nbd7 7. c4 Nc5 8. Bc2 a5 9. 0-0 Bd7 10. Qe1 a4 11. Qg3 g6 12. d3 Na6 13. Nbd2 Nb4 14. Bb1 a3 15. Bc3 c6 16. e4 Nh5 17. Qh3 Nxf4 18. Qh6 Ne2+ 0-1